Guide du routard Cambodge, Laos 2017 / (Record no. 8775)

MARC details
000 -LEADER
fixed length control field 01280nam a22002177a 4500
001 - CONTROL NUMBER
control field 8775
003 - CONTROL NUMBER IDENTIFIER
control field FISKH
005 - DATE AND TIME OF LATEST TRANSACTION
control field 20251020095011.0
008 - FIXED-LENGTH DATA ELEMENTS--GENERAL INFORMATION
fixed length control field 251020b cb ||||| |||| 00| 0 eng d
020 ## - INTERNATIONAL STANDARD BOOK NUMBER
International Standard Book Number 9782013236843
040 ## - CATALOGING SOURCE
Original cataloging agency FISKH
Language of cataloging fre
Transcribing agency FISKH
Modifying agency FISKH
082 ## - DEWEY DECIMAL CLASSIFICATION NUMBER
Classification number 919.5
100 ## - MAIN ENTRY--PERSONAL NAME
Personal name Anonymous
245 ## - TITLE STATEMENT
Title Guide du routard Cambodge, Laos 2017 /
260 ## - PUBLICATION, DISTRIBUTION, ETC.
Place of publication, distribution, etc. Cedex :
Name of publisher, distributor, etc. Hachette,
Date of publication, distribution, etc. 2017.
300 ## - PHYSICAL DESCRIPTION
Extent 538 pages :
Other physical details color illustrations ; maps ;
Dimensions 20 cm
520 ## - SUMMARY, ETC.
Summary, etc. The Guide du Routard Cambodge, Laos 2017 is a comprehensive French travel guide covering Cambodia and Laos. It offers detailed information on major destinations such as Phnom Penh, Angkor, Luang Prabang, and the Plain of Jars. The guide includes practical advice on transportation, accommodation, local customs, and safety, as well as off-the-beaten-path recommendations for adventurous travelers. Rich cultural insights and maps help visitors explore both countries in depth, from bustling cities to serene natural landscapes. This edition also briefly covers Phu Quoc Island in Vietnam. It’s ideal for backpackers and independent travelers seeking an authentic experience in Southeast Asia.
650 ## - SUBJECT ADDED ENTRY--TOPICAL TERM
Topical term or geographic name entry element Travel Guide
Form subdivision Cambodia Laos
General subdivision Southeast Asia
942 ## - ADDED ENTRY ELEMENTS (KOHA)
Source of classification or shelving scheme Dewey Decimal Classification
Koha item type Books
Suppress in OPAC No
Holdings
Withdrawn status Lost status Source of classification or shelving scheme Damaged status Not for loan Collection Home library Current library Shelving location Date acquired Total Checkouts Full call number Barcode Date last seen Copy number Price effective from Koha item type
    Dewey Decimal Classification     Non-Fiction Footprints International School Library Network Toul Kork Campus Footprints International School Library Network Toul Kork Campus A TK Campus, 4th Floor, Room B401, Fiction Bookcases (1-6) 10/20/2025   ANO 919.5 2025-4669 10/20/2025 1 10/20/2025 Books